00800nam a22001577a 450000100060000000300060000600500170001200800410002902000180007004000290008808200110011710000250012824500380015330000600019152003910025110023FISKH20260401112822.0260330b cb ||||| |||| 00| 0 eng d a9787517605706 aFISKHbchicFISKHdFISKH a629.13 a娜塔莉·马歇尔 a直升机 /c娜塔莉·马歇尔 a10 unnumbered pages : bcolor illustrations ;c15 cm .  a这本书属于“忙忙碌碌的救援系列”,是一本专为幼儿设计的互动纸板书。 内容围绕直升机救援展开,通过简单的小故事和推拉机关,让孩子了解: 直升机的工作方式 紧急救援场景 基础交通工具知识 整本书语言简单、生动,配有可操作的机关设计,适合亲子共读,帮助孩子在玩中学习。